000 00452cam a22001337a 4500
008 180718b1956 xxu||||| |||| 00| 0 eng d
082 _aB1241x42 C188
100 _aCarey, A.T.
245 _aColonial students: a study of the social adaptation of colonial students in London
_cby A.T. Carey
260 _aLondon
_bSecker & Warburg
_c1956
300 _axii, 267p
650 _aGreat Britain -Race relations.
650 _aStudents, Foreign -England -London
999 _c417662
_d417662